| 000 | 00495nam a2200181Ia 4500 | ||
|---|---|---|---|
| 003 | GCL | ||
| 008 | 140319s9999 xx 000 0 eng d | ||
| 040 |
_aGCL / _cGCL |
||
| 082 | 0 | 4 |
_a327.91092 _bC S |
| 100 | 1 | _aCHOVEIRI, YOUSSEF M | |
| 245 | 1 | 0 |
_aSTATE AND SOCIETY IN SYRIA AND LEBANON / _cCHOVEIRI, YOUSSEF M |
| 260 |
_a[S.N] : _bUNIVERSITY OF EXETER PRESS ، _c1993 |
||
| 300 | _a158 P P | ||
| 650 | 0 | 4 | _aINTERNATIONAL RELATIONS |
| 650 | 0 | 4 | _aSYRIA |
| 650 | 0 | 4 | _aLEBANON |
| 942 |
_2ddc _cBK |
||
| 999 |
_c11217 _d11217 |
||